All cities of Uzbekistan - Statistics

General Stats
  • This quiz has been taken 11 times
  • The average score is 14 of 119
Answer Stats
Region City % Correct
Capital Tashkent
100%
Bukhara Region Bukhara
90%
Fergana Region Fergana
80%
Jizzakh Region Jizzakh
80%
Namangan Region Namangan
80%
Samarqand Region Samarkand
80%
Andijan Region Andijan
60%
Khorazm Region Khiva
60%
Fergana Region Kokand
60%
Navoiy Region Navoi
60%
Karakalpakstan Nukus
60%
Khorazm Region Urgench
50%
Tashkent Region Olmaliq
40%
Tashkent Region Angren
30%
Kashkadarya Region Qarshi
30%
Sirdaryo Region Sirdaryo
30%
Surkhondaryo Region Termez
30%
Andijan Region Asaka
20%
Karakalpakstan Beruniy/Beruny
20%
Tashkent Region Chirchiq
20%
Namangan Region Chust
20%
Sirdaryo Region Guliston
20%
Samarqand Region Kattakurgan
20%
Fergana Region Margilan
20%
Tashkent Region Piskent
20%
Namangan Region Pop
20%
Kashkadarya Region Shahrisabz
20%
Tashkent Region Yangiyol
20%
Tashkent Region Bekabad
10%
Fergana Region Beshariq
10%
Tashkent Region Boka
10%
Surkhondaryo Region Boysun/Baisun
10%
Surkhondaryo Region Denov/Denau
10%
Tashkent Region Gazalkent
10%
Bukhara Region Gijduvon
10%
Tashkent Region Keles
10%
Bukhara Region Kogon
10%
Kashkadarya Region Koson
10%
Navoiy Region Nurota
10%
Tashkent Region Ohangaron
10%
Samarqand Region Oqtosh/Aktash/Oktosh
10%
Tashkent Region Parkent
10%
Samarqand Region Urgut
10%
Tashkent Region Yangiobod
10%
Fergana Region Yaypan
10%
Navoiy Region Zarafshon
10%
Sirdaryo Region Baxt/Baht
0%
Kashkadarya Region Beshkent
0%
Samarqand Region Bulungur
0%
Karakalpakstan Bustan
0%
Samarqand Region Chelak
0%
Tashkent Region Chinoz
0%
Kashkadarya Region Chiroqchi
0%
Namangan Region Chortoq
0%
Jizzakh Region Dashtobod/Dashtabad
0%
Jizzakh Region Dostlik
0%
Tashkent Region Dostobod
0%
Jizzakh Region Gagarin
0%
Bukhara Region Galaosiyo
0%
Jizzakh Region Gallaorol
0%
Bukhara Region Gazli
0%
Navoiy Region Gozgon/Gazgan
0%
Kashkadarya Region Guzor
0%
Namangan Region Haqqulobod
0%
Samarqand Region Ishtixon
0%
Andijan Region Jalaquduq
0%
Surkhondaryo Region Jarqorgon
0%
Samarqand Region Jomboy
0%
Samarqand Region Juma
0%
Kashkadarya Region Kitob
0%
Namangan Region Kosonsoy/Kasansoy
0%
Karakalpakstan Mangit
0%
Andijan Region Marhamat
0%
Karakalpakstan Moynaq
0%
Kashkadarya Region Muborak
0%
Tashkent Region Nurafshon
0%
Samarqand Region Nurobod
0%
Bukhara Region Olot/Alat
0%
Tashkent Region Oqqorgon/Akkorgon/Akkurgan
0%
Jizzakh Region Paxtakor
0%
Andijan Region Paxtaobod
0%
Samarqand Region Payariq
0%
Khorazm Region Pitnak
0%
Andijan Region Poytug
0%
Kashkadarya Region Qamashi
0%
Navoiy Region Qiziltepa
0%
Karakalpakstan Qonirat/Qongrat
0%
Bukhara Region Qorakol
0%
Andijan Region Qorasuv
0%
Andijan Region Qorgontepa
0%
Bukhara Region Qorovulbozor
0%
Surkhondaryo Region Qumqorgon
0%
Fergana Region Quva
0%
Fergana Region Quvasoy
0%
Fergana Region Rishton
0%
Bukhara Region Romitan
0%
Andijan Region Shahrixon
0%
Surkhondaryo Region Shargun
0%
Surkhondaryo Region Sherobod
0%
Karakalpakstan Shımbay
0%
Sirdaryo Region Shirin
0%
Bukhara Region Shofirkon
0%
Karakalpakstan Shomanay
0%
Surkhondaryo Region Shorchi
0%
Kashkadarya Region Tallimarjon
0%
Karakalpakstan Taqiyatas
0%
Fergana Region Tinchlik
0%
Namangan Region Toraqorgon
0%
Karakalpakstan Tortkol
0%
Namangan Region Uchqorgon
0%
Navoiy Region Uchquduq
0%
Bukhara Region Vobkent/Vadkent
0%
Karakalpakstan Xalıqabat
0%
Andijan Region Xojaobod
0%
Karakalpakstan Xojeli
0%
Kashkadarya Region Yakkabog
0%
Kashkadarya Region Yangi Nishon
0%
Navoiy Region Yangirabod
0%
Sirdaryo Region Yangiyer
0%
No matching quizzes found
Score Distribution
Percent of People with Each Score
Percentile by Number Answered
Your Score History
You have not taken this quiz